Communication: key to your marriage; (Record no. 2167)
[ view plain ]
| 000 -LEADER | |
|---|---|
| fixed length control field | 00985cam a2200289 4500 |
| 001 - CONTROL NUMBER | |
| control field | 2670673 |
| 003 - CONTROL NUMBER IDENTIFIER | |
| control field | GBCCL |
| 005 - DATE AND TIME OF LATEST TRANSACTION | |
| control field | 20241126110421.0 |
| 008 - FIXED-LENGTH DATA ELEMENTS--GENERAL INFORMATION | |
| fixed length control field | 740415s1974 caua b 000 0 eng |
| 010 ## - | |
| -- | 73088317 |
| 020 ## - INTERNATIONAL STANDARD BOOK NUMBER | |
| International Standard Book Number | 0830702555 |
| 040 ## - CATALOGING SOURCE | |
| Original cataloging agency | DLC |
| Transcribing agency | DLC |
| Modifying agency | DLC |
| 043 ## - | |
| -- | n-us--- |
| 050 00 - | |
| -- | HQ734 |
| -- | .W948 |
| 082 00 - DEWEY DECIMAL CLASSIFICATION NUMBER | |
| Classification number | 248.844 |
| Edition information | 21 |
| Item number | WRI |
| 100 1# - MAIN ENTRY--PERSONAL NAME | |
| Personal name | Wright, H. Norman. |
| 9 (RLIN) | 714 |
| 245 10 - TITLE STATEMENT | |
| Title | Communication: key to your marriage; |
| Remainder of title | practical, Biblical ways to improve communication and enrich your marriage |
| Statement of responsibility, etc. | [by] H. Norman Wright. Edited by Fritz Ridenour. |
| 260 ## - PUBLICATION, DISTRIBUTION, ETC. | |
| Place of publication, distribution, etc. | Glendale, Calif., |
| Name of publisher, distributor, etc. | G/L Regal Books |
| Date of publication, distribution, etc. | [1974] |
| 300 ## - PHYSICAL DESCRIPTION | |
| Extent | 194 p. |
| Other physical details | illus. |
| Dimensions | 20 cm. |
| 350 ## - PRICE (NR) (BK AM CF MU VM SE) [OBSOLETE] | |
| Price | $1.95 |
| 504 ## - BIBLIOGRAPHY, ETC. NOTE | |
| Bibliography, etc. note | Bibliography: p. 191-194. |
| 650 #0 - SUBJECT ADDED ENTRY--TOPICAL TERM | |
| Topical term or geographic name entry element | Communication in marriage |
| Geographic subdivision | United States. |
| 9 (RLIN) | 4435 |
| 650 #0 - SUBJECT ADDED ENTRY--TOPICAL TERM | |
| Topical term or geographic name entry element | Interpersonal relations. |
| 9 (RLIN) | 937 |
| 650 #0 - SUBJECT ADDED ENTRY--TOPICAL TERM | |
| Topical term or geographic name entry element | Marriage |
| General subdivision | Religious aspects |
| -- | Christianity. |
| 9 (RLIN) | 295 |
| 906 ## - LOCAL DATA ELEMENT F, LDF (RLIN) | |
| a | 7 |
| b | cbc |
| c | orignew |
| d | 2 |
| e | opcn |
| f | 19 |
| g | y-gencatlg |
| 942 ## - ADDED ENTRY ELEMENTS (KOHA) | |
| Source of classification or shelving scheme | Dewey Decimal Classification |
| Koha item type | Books |
| Koha issues (borrowed), all copies | 21 |
| Withdrawn status | Lost status | Source of classification or shelving scheme | Damaged status | Not for loan | Home library | Current Library | Shelving location | Date acquired | Total checkouts | Full call number | Barcode | Date last seen | Date last checked out | Copy number | Price effective from | Koha item type |
|---|---|---|---|---|---|---|---|---|---|---|---|---|---|---|---|---|
| Dewey Decimal Classification | GRACE BIBLE COLLEGE | GRACE BIBLE COLLEGE | Ministry & Mission | 2017-07-10 | 5 | 248.844 WRI | 006607 | 2025-05-01 | 2023-09-14 | c.1 | 2017-07-10 | Books | ||||
| Dewey Decimal Classification | GRACE BIBLE COLLEGE | GRACE BIBLE COLLEGE | Ministry & Mission | 2017-07-10 | 16 | 248.844 WRI | 006608 | 2025-05-01 | 2023-09-12 | c.2 | 2017-07-10 | Books |